000 00628nam a2200205 i 4500
001 34311
003 ES-MaACL
005 20250712032635.0
007 t|
008 030204s1957 sp ||||1| spa d
100 1 _aBlasco Ibáñez, Vicente,
_d1867-1928
_929388
245 1 0 _aSónnica, la cortesana
_b: novela /
_cVicente Blasco Ibáñez.
250 _aNueva ed.
260 _aBarcelona :
_bPlaneta,
_c1957 (
_fImp. Ecumene)
300 _a328 p. ;
_c19 cm.
490 1 _aAutores españoles contemporáneos
830 1 _aAutores españoles contemporáneos
_9180811
852 _aES-MaACL
_jC-14430
999 _c34311
_d34311